000 01028nam0a22002291 4500
001 rc\460638
005 20030616171924.0
035 _a(NLR Aleph) 005705095
090 _a7318471
_c7318471
100 _a20030616d1987 u |0rusy50 ca
101 0 _arus
102 _aRU
105 _ay |||||||||
200 1 _aОсновные положения расчета строительных конструкций по методу предельных состояний
_eТекст лекций для студентов спец. "Орг. упр. в стр-ве" - 1748
_fМ.А. Вагин, к. т. н., доц.
_gМ-во высш. и сред. спец. образования СССР, Моск. ин-т упр. им. Серго Орджоникидзе
210 _aМ.
_cМИУ
_d1987 (вып. дан. 1988)
215 _a18 с.
_d20
700 1 _aВагин
_bМ. А.
_gМихаил Александрович
801 0 _aRU
_bNLR
_gpsbo
801 1 _aRU
_bELAR
_2rusmarc
852 _aNLR
_j88-4/26638
942 _cBOOK
980 _aNB